Tree preservation order (Record no. 69509)
[ view plain ]
| 000 -LEADER | |
|---|---|
| fixed length control field | 01270cam a2200217 4500 |
| 001 - CONTROL NUMBER | |
| control field | WB3806-24 |
| 008 - FIXED-LENGTH DATA ELEMENTS--GENERAL INFORMATION | |
| fixed length control field | 020213n2002 000 0 eng u |
| 035 ## - SYSTEM CONTROL NUMBER | |
| System control number | (Sirsi) u116703 |
| 245 ## - TITLE STATEMENT | |
| Title | Tree preservation order |
| 260 ## - PUBLICATION, DISTRIBUTION, ETC. | |
| Date of publication, distribution, etc. | 2002 |
| 490 ## - SERIES STATEMENT | |
| Series statement | Estates Gazette Case Summaries |
| Volume/sequential designation | [2002] 06 EG 152 (CS) (9/02/02) |
| 520 ## - SUMMARY, ETC. | |
| Summary, etc. | QBD 16 January 2002. "Robinson v East Riding of Yorkshire Council". Claimant R owned a listed building and grounds that contained a large number of trees. R applied for permission to use part of its grounds for touring caravans. The council (E) refused permission and R appealed. Preparing for the appeal E carried out a survey and made a provisional tree preservation order (TPO). R objected to the TPO and sought judicial review of the Town and Country Planning (Tree) Regulations 1999 and challenged the TPO under the Town and Country Planning Act 1990 s288. "Held": the claim was dismissed on several grounds. |
| 590 ## - LOCAL NOTE (RLIN) | |
| Local note | WB |
| 650 ## - SUBJECT ADDED ENTRY--TOPICAL TERM | |
| Topical term or geographic name entry element | TOWN AND COUNTRY PLANNING ACT 1990 |
| 650 ## - SUBJECT ADDED ENTRY--TOPICAL TERM | |
| Topical term or geographic name entry element | TOWN AND COUNTRY PLANNING (TREES) REGULATIONS 1999 |
| 650 ## - SUBJECT ADDED ENTRY--TOPICAL TERM | |
| Topical term or geographic name entry element | TREE PRESERVATION ORDER |
| 650 ## - SUBJECT ADDED ENTRY--TOPICAL TERM | |
| Topical term or geographic name entry element | TREE SURVEYS |
| 650 ## - SUBJECT ADDED ENTRY--TOPICAL TERM | |
| Topical term or geographic name entry element | ROBINSON V EAST RIDING OF YORKSHIRE COUNCIL |
| 690 ## - LOCAL SUBJECT ADDED ENTRY--TOPICAL TERM (OCLC, RLIN) | |
| Topical term or geographic name as entry element | Planning and development |
| 9 (RLIN) | 6259 |
| 942 ## - ADDED ENTRY ELEMENTS (KOHA) | |
| Suppress in OPAC | 0 |
| Withdrawn status | Lost status | Source of classification or shelving scheme | Damaged status | Not for loan | Home library | Current library | Shelving location | Date acquired | Total Checkouts | Full call number | Barcode | Date last seen | Copy number | Price effective from | Koha item type |
|---|---|---|---|---|---|---|---|---|---|---|---|---|---|---|---|
| Dewey Decimal Classification | London | London | News article | 13/02/2002 | WB3806-24 | 116703-1001 | 06/08/2019 | 1 | 06/08/2019 | Law report |